000 00553nam a2200205Ia 4500
003 OSt
005 20220928145059.0
006 a|||||r|||| 00| 0
007 ta
008 220927b |||||||| |||| 00| 0 eng d
024 _a78552
037 _cTextual
040 _aSDCL
_cSDCL
_beng
041 _2eng
_aeng
082 _aG:7n1,N85, M5
245 0 _aDEVELOPMENTAL BIOLOGY. Ed by Leon W Browder.Irregular. V1-; 1985.This library has V1- ; 1985
260 _c1985
942 _hG:7n1,N85, M5
_cTEXL
_2CC
999 _c831760
_d831760